Study of tribological properties of electroless Ni-P-Al2O3 composite coatings

En esta investigacin̤ se prepararon recubrimientos compuestos de Ni<U+0096>P que contienen diversas concentraciones (5 a 15 g/L) de partc̕ulas de Al2O3 mediante deposicin̤ qum̕ica para aplicarse sobre un sustrato de acero dulce. Se estudi ̤el efecto de ciertos parm̀etros (concentracin̤ de sulf...

Mô tả đầy đủ

Đã lưu trong:
Chi tiết về thư mục
Tác giả khác: Gadhari Prasanna, Sahoo Prasanta, IOSR Journals
Định dạng: Sách
Ngôn ngữ:Tiếng Anh
Những chủ đề:
Truy cập trực tuyến:Study of tribological properties of electroless Ni-P-Al2O3 composite coatings
Các nhãn: Thêm thẻ
Không có thẻ, Là người đầu tiên thẻ bản ghi này!

MARC

LEADER 00000nam a22000004a 4500
001 vpro9749
005 20201223000000.0
008 160319s2016 ck # g## #001 0#eng#d
020 |a 2320<U+0096>334X (versin̤ impresa) ; 2278-1684 (versin̤ online) 
022
040 |a CO-BoINGC 
041 0 |a eng 
245 1 0 |a Study of tribological properties of electroless Ni-P-Al2O3 composite coatings 
246 |a Estudio de las propiedades tribolg̤icas de recubrimientos de tipo Ni-P-Al2O3 
264 |a Bogot ̀(Colombia) :  |b Revista VirtualPRO,  |c 2016 
520 3 |a En esta investigacin̤ se prepararon recubrimientos compuestos de Ni<U+0096>P que contienen diversas concentraciones (5 a 15 g/L) de partc̕ulas de Al2O3 mediante deposicin̤ qum̕ica para aplicarse sobre un sustrato de acero dulce. Se estudi ̤el efecto de ciertos parm̀etros (concentracin̤ de sulfato de sodio y de hipofosfito de sodio) sobre la rugosidad de superficie, la dureza y las propiedades tribolg̤icas. 
650 \ \ |a Qum̕ica 
650 \ \ |a Fisicoqum̕ica 
650 \ \ |a Ciencias qum̕icas 
650 \ \ |a Chemistry 
650 \ \ |a Chemistry 
650 \ \ |a physical and theoretical 
650 \ \ |a Chemical sciences 
650 \ \ |a Recubrimientos 
650 \ \ |a Materiales compuestos 
650 \ \ |a Compositos 
650 \ \ |a Nq̕uel 
650 \ \ |a Fs̤foro 
650 \ \ |a <U+00D2>xido de aluminio 
650 \ \ |a Acero dulce 
650 \ \ |a Deposicin̤ qum̕ica 
650 \ \ |a Propiedades tribolg̤icas 
650 \ \ |a Coatings 
650 \ \ |a Composite materials 
650 \ \ |a Composites 
650 \ \ |a Nickel 
650 \ \ |a Phosphorus 
650 \ \ |a aluminum oxide 
650 \ \ |a Mild steel 
650 \ \ |a chemical deposition 
650 \ \ |a Tribological properties  
700 \ \ |a Gadhari Prasanna 
700 \ \ |a Sahoo Prasanta  
700 \ \ |a IOSR Journals 
856 |z Study of tribological properties of electroless Ni-P-Al2O3 composite coatings  |u https://virtualpro.unach.elogim.com/biblioteca/estudio-de-las-propiedades-tribologicas-de-recubrimientos-de-tipo-ni-p-al2o3